Social work : (Record no. 44939)
[ view plain ]
| 000 -LEADER | |
|---|---|
| fixed length control field | 03113cam a2200445 i 4500 |
| 003 - CONTROL NUMBER IDENTIFIER | |
| control field | CUTN |
| 005 - DATE AND TIME OF LATEST TRANSACTION | |
| control field | 20250730174846.0 |
| 008 - FIXED-LENGTH DATA ELEMENTS--GENERAL INFORMATION | |
| fixed length control field | 141210t20152015enka b 001 0 eng d |
| 020 ## - INTERNATIONAL STANDARD BOOK NUMBER | |
| International Standard Book Number | 9780198708452 |
| 020 ## - INTERNATIONAL STANDARD BOOK NUMBER | |
| International Standard Book Number | 0198708459 |
| 041 ## - LANGUAGE CODE | |
| Language | English |
| 042 ## - AUTHENTICATION CODE | |
| Authentication code | lccopycat |
| 082 04 - DEWEY DECIMAL CLASSIFICATION NUMBER | |
| Classification number | 361.3 |
| Edition number | 23 |
| Item number | HOL |
| 100 1# - MAIN ENTRY--PERSONAL NAME | |
| Personal name | Holland, Sally, |
| 245 10 - TITLE STATEMENT | |
| Title | Social work : |
| Remainder of title | a very short introduction / |
| Statement of responsibility, etc | Sally Holland and Jonathan Scourfield. |
| 250 ## - EDITION STATEMENT | |
| Edition statement | First edition. |
| 260 ## - PUBLICATION, DISTRIBUTION, ETC. (IMPRINT) | |
| Place of publication, distribution, etc | xiii, 121 p. : |
| Date of publication, distribution, etc | 2015. |
| 300 ## - PHYSICAL DESCRIPTION | |
| Extent | 121 pages : |
| Other physical details | illustrations ; |
| Dimensions | 18 cm. |
| 505 ## - FORMATTED CONTENTS NOTE | |
| Title | 1:What is social work?<br/>2:The politics of social work<br/>3:Social work with individuals and families<br/>4:Social work with groups<br/>5:Community social work<br/>6:Does it work?<br/>Further reading<br/>Index |
| 520 ## - SUMMARY, ETC. | |
| Summary, etc | Social workers spend their time trying to ease social suffering. They encounter the extreme casualties of social inequality: the victims of poverty, illness, addiction, and abuse; they work with abusers and offenders; and operate in the space between the State and the poor or marginalized. Social work is replete with vivid human stories: the troubled teenage boy who cannot settle in a foster home; the frail older woman who is desperate for social contact; the community seeking a way to tackle gang violence; the sex offender leaving prison; and the disputed territory of international adoption. Social work therefore holds a fundamental importance throughout the modern world.<br/><br/>In this Very Short Introduction, Sally Holland and Jonathan Scourfield explain what social work is and look at its rich historical development. Reflecting international human stories of social problems and social work relationships, as well as the philosophies behind the practice and the evidence about what works throughout the world, they look at the various definitions, history, and debates about purpose and effectiveness, theory, and methods. Including wide ranging examples of social work practice around the world and within particular population groups, they reflect the international variation of social work theory and practice, as well as highlighting all of the main controversies and debates. |
| 650 #0 - SUBJECT ADDED ENTRY--TOPICAL TERM | |
| Topical term or geographic name as entry element | Social service. |
| 650 #7 - SUBJECT ADDED ENTRY--TOPICAL TERM | |
| Topical term or geographic name as entry element | Social service. |
| 700 1# - ADDED ENTRY--PERSONAL NAME | |
| Personal name | Scourfield, Jonathan, |
| 856 42 - ELECTRONIC LOCATION AND ACCESS | |
| Uniform Resource Identifier | <a href="http://www.loc.gov/catdir/enhancements/fy1604/2014959009-b.html">http://www.loc.gov/catdir/enhancements/fy1604/2014959009-b.html</a> |
| 856 42 - ELECTRONIC LOCATION AND ACCESS | |
| Uniform Resource Identifier | <a href="http://www.loc.gov/catdir/enhancements/fy1604/2014959009-d.html">http://www.loc.gov/catdir/enhancements/fy1604/2014959009-d.html</a> |
| 856 41 - ELECTRONIC LOCATION AND ACCESS | |
| Uniform Resource Identifier | <a href="http://www.loc.gov/catdir/enhancements/fy1604/2014959009-t.html">http://www.loc.gov/catdir/enhancements/fy1604/2014959009-t.html</a> |
| 942 ## - ADDED ENTRY ELEMENTS (KOHA) | |
| Source of classification or shelving scheme | Dewey Decimal Classification |
| Koha item type | Coaching cell/ UGC NET Cell |
| 100 1# - MAIN ENTRY--PERSONAL NAME | |
| Relator term | author. |
| 490 1# - SERIES STATEMENT | |
| Series statement | Very short introductions ; |
| Volume number/sequential designation | 432 |
| 504 ## - BIBLIOGRAPHY, ETC. NOTE | |
| Bibliography, etc | Includes bibliographical references (pages 109-115) and index. |
| 650 #7 - SUBJECT ADDED ENTRY--TOPICAL TERM | |
| Source of heading or term | fast |
| 9 (RLIN) | 4 |
| 700 1# - ADDED ENTRY--PERSONAL NAME | |
| Dates associated with a name | 1966- |
| Relator term | author. |
| 830 #0 - SERIES ADDED ENTRY--UNIFORM TITLE | |
| Uniform title | Very short introductions ; |
| Volume number/sequential designation | 432. |
| 856 42 - ELECTRONIC LOCATION AND ACCESS | |
| Materials specified | Contributor biographical information |
| 856 42 - ELECTRONIC LOCATION AND ACCESS | |
| Materials specified | Publisher description |
| 856 41 - ELECTRONIC LOCATION AND ACCESS | |
| Materials specified | Table of contents only |
| 906 ## - LOCAL DATA ELEMENT F, LDF (RLIN) | |
| a | 7 |
| b | cbc |
| c | copycat |
| d | 2 |
| e | ncip |
| f | 20 |
| g | y-gencatlg |
| Withdrawn status | Lost status | Source of classification or shelving scheme | Damaged status | Not for loan | Collection code | Home library | Location | Date of Cataloging | Source of acquisition | Total Checkouts | Full call number | Barcode | Date last seen | Price effective from | Koha item type |
|---|---|---|---|---|---|---|---|---|---|---|---|---|---|---|---|
| Dewey Decimal Classification | Reference | CUTN Central Library | CUTN Central Library | 30/07/2025 | UGC NET cell 2025 | 361.3 HOL | 52266 | 30/07/2025 | 30/07/2025 | Coaching cell/ UGC NET Cell |
